000 00294nam a22001337a 4500
008 170814b xxu||||| |||| 00| 0 eng d
020 _a9780201113662
041 _aeng
080 _a51
100 _a36
101 _aMAT
245 _aPROBALITY AND STATISTIC
_cDEGROT.M.H
942 _2udc
_cBK
999 _c23402
_d23402